| 000 | 00362nam a2200145Ia 4500 | ||
|---|---|---|---|
| 008 | 240624s9999 xx 000 0 und d | ||
| 041 | _aeng | ||
| 082 | _a657 GHO | ||
| 100 | _aGHOSH T P | ||
| 245 | _aFINANCIAL ACCOUNTING FOR MANAGERS | ||
| 250 | _a(4th ed.) | ||
| 260 |
_c2009 _aNew Delhi _bTaxmann |
||
| 300 | _ai-24, : 743 : p. : cm. ; 24 | ||
| 365 |
_cRS _b25 |
||
| 999 |
_c14691 _d14691 |
||